US States that start with DALLAS - Statistics

General Stats
  • This quiz has been taken 43 times
  • The average score is 8 of 8
Answer Stats
Starting Letter US State % Correct
D Delaware
100%
S South Carolina
100%
A Alabama
97%
A Arkansas
97%
S South Dakota
97%
A Arizona
95%
A Alaska
92%
L Louisiana
92%
No matching quizzes found
Score Distribution
Percent of People with Each Score
Percentile by Number Answered
Your Score History
You have not taken this quiz